Κατάλογος Βιβλιοθηκών Mediterranean College

Ιδιότητα του Πολίτη και Κοινωνική Πράξη / Βιβλιοθήκη Κοινωνικής Επιστήμης και Κοινωνικής Πολιτικής (Record no. 2476)

MARC details
000 -LEADER
fixed length control field 01977cam a22002054a 4500
005 - ΗΜΕΡΟΜΗΝΙΑ ΚΑΙ ΩΡΑ ΤΕΛΕΥΤΑΙΑΣ ΕΝΗΜΕΡΩΣΗΣ
Πεδίο ελέγχου 20250605164043.0
008 - FIXED-LENGTH DATA ELEMENTS--GENERAL INFORMATION
Πεδίο ελέγχου σταθερού μήκους 250528s ||||||||||||||||||||||||d
035 ## - SYSTEM CONTROL NUMBER
System control number 17036
020 ## - ISBN
ISBN 9600106029
040 ## - ΠΗΓΗ ΚΑΤΑΛΟΓΟΓΡΑΦΗΣΗΣ
Φορέας πρωτότυπης καταλογογράφησης MC Athens Campus Library
Γλώσσα καταλογογράφησης Ελληνικά, Μοντέρνα (1453-)
Modifying agency MC Athens Campus Library
Κανόνες περιγραφικής καταλογογράφησης AACR2
245 1# - ΤΙΤΛΟΣ ΚΑΙ ΔΗΛΩΣΗ ΥΠΕΥΘΥΝΟΤΗΤΑΣ
Τίτλος Ιδιότητα του Πολίτη και Κοινωνική Πράξη / Βιβλιοθήκη Κοινωνικής Επιστήμης και Κοινωνικής Πολιτικής
260 ## - PUBLICATION, DISTRIBUTION, ETC.
Name of publisher, distributor, etc. Gutenberg,
Date of publication, distribution, etc. 1995
300 ## - PHYSICAL DESCRIPTION
Extent 206
520 ## - SUMMARY, ETC.
Summary, etc. Τα δύο αυτά δοκίμια θέτουν ένα φάσμα ερωτημάτων που βρίσκονται στο επίκεντρο όλων των σημερινών πολιτικών συζητήσεων. Εισαγωγή, Πρόλογος, Ιδιότητα του Πολίτη και Κοινωνική Τάξη, Η Παρουσίαση του Προβλήματος με τη Βοήθεια του Άλφρεντ Μάρσαλ, Η Ανάπτυξη της Ιδιότητας του Πολίτη μέχρι το Τέλος του Δεκάτου Ενάτου Αιώνα, Η Αρχική Επίδραση της Ιδιότητας του Πολίτη στην Κοινωνική Τάξη, Τα Κοινωνικά Δικαιώματα στον Εικοστό Αιώνα, Ιδιότητα του Πολίτη και Κοινωική Τάξη μετά από Σαράντα Χρόνια, Πολίτες και Κοινωνικές Τάξεις και Ισότητα, Καπιταλισμός και Σοσιαλισμός και Ιδιότητα του Πολίτη, Νέα Ερωτήματα για την Ιδιότητα του Πολίτη, Μεταβαλλόμενες Τάξεις και Μεταβαλλόμενες Δοξασίες, Εν Είδει Συμπεράσματος, Βιβλιογραφία, Ευρετήριο.
700 1# - ΠΡΟΣΘΕΤΗ ΑΝΑΓΡΑΦΗ--ΦΥΣΙΚΟ ΠΡΟΣΩΠΟ
Personal name Bottomore Tom
9 (RLIN) 561
700 1# - ΠΡΟΣΘΕΤΗ ΑΝΑΓΡΑΦΗ--ΦΥΣΙΚΟ ΠΡΟΣΩΠΟ
Personal name Marshall T.H
9 (RLIN) 3107
942 ## - ADDED ENTRY ELEMENTS (KOHA)
Koha item type Books
Holdings
Τύπος τεκμηρίου Βιβλιοθήκη Τρέχουσα τοποθεσία Barcode Αριθμός εισαγωγής Ημερομηνία απόκτησης Ταξιθετικό σύμβολο Αριθμός αντιτύπου Κατάσταση απόσυρσης Κατάσταση χαμένου Κατάσταση κατεστραμμένου Μη δανεισμός Σύνολο δανεισμών Ημερομηνία τελευταίας εμφάνισης Η τιμή ισχύει από
Books MC Athens Campus Library MC Athens Campus Library 9780000024756 6899 05/06/2025 305.5094 MAR 1           05/06/2025 05/06/2025

MC Athens Campus Library
Πατησίων 94 & Κοδριγκτώνος 13, 104 34
Πελλήνης 8 & Πατησίων 107, 112 51
Τ: +30 210 8899600

MC Thessaloniki Campus Library
Ίωνος Δραγούμη 21, 54625 | Ίωνος Δραγούμη 15, 54625
Τ: +30 2310 287779 – Τ: +30 2314 440300